Tarja - revista literaria - 16 números y un suplemento de poesía. La literatura en Jujuy en los años en los años 1955 a 1960
Saved in:
| Format: | Bog |
|---|---|
| Sprog: | spansk |
| Udgivet: |
San Salvador de Jujuy
Universidad Nacional de Jujuy
1989
|
| Serier: | Colección Arte-Ciencia. Serie Jujuy en el Pasado
|
| Fag: | |
| Tags: |
Tilføj Tag
Ingen Tags, Vær først til at tagge denne postø!
|
MARC
| LEADER | 00000nam a2200000 a 4500 | ||
|---|---|---|---|
| 001 | UCN4468 | ||
| 003 | CL-VaPUC | ||
| 008 | 010803e19890000AG |||||||||||||||||spa|d | ||
| 082 | 0 | 4 | |a 056.1 |b TAR |2 21 |
| 245 | 1 | 0 | |a Tarja - revista literaria - 16 números y un suplemento de poesía. La literatura en Jujuy en los años en los años 1955 a 1960 |
| 300 | |a 2 v | ||
| 942 | |c BK | ||
| 945 | |d 20010803 00:00:00 |a cmena | ||
| 260 | |a San Salvador de Jujuy |b Universidad Nacional de Jujuy |c 1989 | ||
| 500 | |a v.1: Números 1 al 8 | ||
| 500 | |a v.2: Números 9 al 16 y suplemento de poesía | ||
| 650 | 7 | |a REVISTAS LITERARIAS |2 CL-VaPUC |9 460924 | |
| 650 | 7 | |a FACSIMILES |2 CL-VaPUC |9 460925 | |
| 650 | 7 | |a HISTORIA LITERARIA ARGENTINA |2 CL-VaPUC |9 460926 | |
| 583 | |a last modification |c 20010803 00:00:00 |k Rodrigo Vera | ||
| 490 | 0 | |a Colección Arte-Ciencia. Serie Jujuy en el Pasado | |
| 999 | |c 296706 |d 296704 | ||
| 952 | |0 0 |1 0 |4 0 |6 056_100000000000000_TAR_1989 |7 0 |8 X |9 350756 |a FDOMLP |b FDOMLP |d 2019-11-20 |h v.1 |i 3742261 |o 056.1 TAR 1989 |p 3742261 |r 2019-11-20 |w 2019-11-20 |y BK_X |k BU2 | ||
| 952 | |0 0 |1 0 |4 0 |6 056_100000000000000_TAR_1989 |7 0 |8 X |9 350757 |a FDOMLP |b FDOMLP |d 2019-11-20 |h v.2 |i 374227K |o 056.1 TAR 1989 |p 374227K |r 2019-11-20 |w 2019-11-20 |y BK_X |k BU2 | ||